[Event "Kolkata Rapid op"]
[Site "Kolkata"]
[Date "2024.05.04"]
[Round "4"]
[White "Sanket, Chakravarty"]
[Black "Debashis, Majumder"]
[Result "1-0"]
[WhiteElo "2227"]
[BlackElo "1719"]
[PlyCount "78"]
[EventDate "2024.05.04"]
[EventType "swiss (rapid)"]
[EventRounds "11"]
[EventCountry "IND"]
[SourceTitle "CBM 220 Extra"]
[Source "ChessBase"]
[SourceDate "2024.07.31"]
[SourceVersion "1"]
[SourceVersionDate "2024.07.31"]
[SourceQuality "1"]

1. Nf3 d5 2. c4 c6 3. e3 Nf6 4. Nc3 e6 5. b3 Nbd7 6. Bb2 Be7 7. d4 0-0 8. Bd3 Re8 9. 0-0 b6 10. Qc2 Bb7 11. Rad1 Rc8 12. Rfe1 c5 13. cxd5 exd5 14. Bf5 cxd4 15. Nxd4 Ne4 16. Bxe4 dxe4 17. a3 a6 18. Qb1 Qc7 19. Nxe4 Bxe4 20. Qxe4 Bb4 21. Ne6 Rxe6 22. Qxb4 Nc5 23. Qc3 f6 24. b4 Ne4 25. Qd4 Qb7 26. Rc1 Rce8 27. f3 Ng5 28. e4 Qf7 29. h4 Nxf3+ 30. gxf3 Qh5 31. Qf2 R8e7 32. Red1 f5 33. Rc8+ Kf7 34. Rd5 Qg6+ 35. Kf1 Rd6 36. Rxf5+ Ke6 37. Re5+ Kd7 38. Rxe7+ Kxe7 39. Rc7+ Ke8 1-0